000 01671nam a22004095i 4500
001 80000
003 BD-RjUL
005 20220620154935.0
008 220620s2019 nyu|||| s |||| 0|eng d
020 _a9781493998289
035 _a(BD-RjUL)80000
040 _aOBC
_beng
_cBD-RjUL
041 0 _aeng
082 0 4 _223
_a614.4015118
_bBRM 2019
100 1 _aBrauer, Fred
_eauthor.
_4aut
_93744
245 1 0 _aMathematical Models in Epidemiology /
_cby Fred Brauer, Carlos Castillo-Chavez, Zhilan Feng.
250 _a1st ed.
260 _aNew York, NY :
_bSpringer,
_c© 2019.
264 1 _bNew York, NY :
_c2019.
300 _aXVII, 619 p. :
_bill.
_g24 cm.
490 1 _aTexts in Applied Mathematics,
_v69
650 0 _aEpidemiology
_xMathematical models
_93754
650 0 _aBiomathematics.
_93745
650 0 _aProbabilities.
_93746
650 0 _aMathematical models.
650 4 _aPhysiological, Cellular and Medical Topics.
_0http://scigraph.springernature.com/things/product-market-codes/M31020
_93747
650 4 _aProbability Theory and Stochastic Processes.
_0http://scigraph.springernature.com/things/product-market-codes/M27004
_93748
650 4 _aMathematical Modeling and Industrial Mathematics.
_0http://scigraph.springernature.com/things/product-market-codes/M14068
_93749
653 _aElectronic book (Format)
690 _aMathematics and Statistics (Springer-11649)
_93750
700 1 _aCastillo-Chávez, Carlos
_eauthor.
_93751
700 1 _aFeng, Zhilan.
_eauthor.
_93752
776 0 8 _iPrinted edition:
_z9781493998265
776 0 8 _iPrinted edition:
_z9781493998272
830 0 _aTexts in Applied Mathematics ;
_v69
_93753
942 _2ddc
_cBK
999 _c80000
_d80000